Contemporary management / (Record no. 1600)
[ view plain ]
| 000 -LEADER | |
|---|---|
| fixed length control field | 01493cam a2200181 a 4500 |
| 020 ## - INTERNATIONAL STANDARD BOOK NUMBER | |
| ISBN | 9780073530437 |
| 050 ## - CALL NUMBER | |
| Classification number | HD31 |
| Item number | .J597 |
| 100 ## - AUTHOR | |
| Personal name | Jones, Gareth R. |
| 245 ## - TITLE | |
| Title | Contemporary management / |
| Statement of responsibility, etc | Gareth R. Jones, Jennifer M. George |
| 250 ## - EDITION | |
| Edition statement | 2nd ed. |
| 260 ## - PUBLICATION INFORMATION | |
| Place of publication | Boston : . |
| Name of publisher | McGraw-Hill Irwin, . |
| Year of publication | 2009. |
| 300 ## - DESCRIPTION | |
| Number of Pages | xl, 730 p. : |
| Other physical details | ill. (some col.), maps ; |
| Dimensions | 29 cm. |
| 500 ## - NOTES | |
| General note | Includes index. |
| 505 ## - FORMATTED CONTENTS NOTE | |
| Table of Content | pt. 1. Management --<br/>Managers and managing --<br/>The evolution of management theory --<br/>pt. 2. The environment of management --<br/>The organizational environment --<br/>The global environment --<br/>Ethics, social responsibility, and diversity --<br/>pt. 3. Managing decision making and planning --<br/>The manager as a decision maker --<br/>The manager as a planner and strategist --<br/>pt. 4. Managing organizational architecture --<br/>Managing organizational structure --<br/>Organizational control and culture --<br/>Human resource management --<br/>pt. 5. Managing individuals and groups --<br/>The manager as a person --<br/>Motivation --<br/>Leadership --<br/>Groups and teams --<br/>Communication --<br/>Organizational conflict, negotiation, politics, and change --<br/>pt. 6. Managing essential operations and processes --<br/>Managing information systems and technologies --<br/>Operations management: managing quality, efficiency, and responsiveness to customers --<br/>The management of innovation, product development, and entrepreneurship. |
| 650 ## - SUBJECTS | |
| Topical Term | Management. |
| 700 ## - OTHER AUTHORS | |
| Personal name | George, Jennifer M. |
| 942 ## - ADDED ENTRY ELEMENTS (KOHA) | |
| Koha item type | Books |
| Withdrawn status | Lost status | Home library | Current library | Shelving location | Date acquired | Full call number | Accession Number | Koha item type |
|---|---|---|---|---|---|---|---|---|
| Methodist University Library Tema | Methodist University Library Tema | General Stacks | 13/01/2005 | HD31 .J597 | 21156 | Books | ||
| Methodist University Library Tema | Methodist University Library Tema | General Stacks | 13/01/2005 | HD31 .J597 | 21157 | Books | ||
| Methodist University Library Tema | Methodist University Library Tema | General Stacks | 13/01/2005 | HD31 .J597 | 21154 | Books | ||
| Methodist University Library Tema | Methodist University Library Tema | General Stacks | 13/01/2005 | HD31 .J597 | 21155 | Books |